00921nam a2200205 a 450000100100000000500170001000800410002704000250006808200090009310000520010224501820015426000540033630000200039050000510041070000400046170000400050170000480054195201090058999900170069800003514220200930074130.0111025s1909 sp 000 0 spa d aDO-SdBNPbspacBNPHU1 axxxx1 aPérez Fernández, Pedrod(1885-1956.)96084510aÁ la vera del queré :bsainete andaluz en un acto, dividido en dos cuadros /clibro de Pedro Pérez Fernández y José Gamero ; música del maestro Alvarez del Castillo. aMadrid :bSociedad de Autores Españoles,c1909. a42 p. ;c21 cm. aEstreno: Teatro Cómico, 10 de julio de 1909.1 aGamero, José,d(1865-1915)9608461 aCastillo ,Alvarez del Amadeo9608471 aVives, Amadeo,d(1871-1932),emús.960848 001050718MOaGRbGRcHDd2011-10-25iLF1l0oxxxx p35142-10r2020-06-25w2020-06-25y1ZNo se presta c34633d34633